Παιχνίδι φωτός στην Ελλάδα

Αποθηκεύτηκε σε:
Λεπτομέρειες βιβλιογραφικής εγγραφής
Κύριος συγγραφέας: Romilly, Jacqueline de
Άλλοι συγγραφείς: Μηλιαρέση, Κατερίνα (trlf), Αθανασίου, Αθηνά Μπάμπη (trlf)
Μορφή: Βιβλίο
Γλώσσα:Greek
French
Δημοσίευση: Αθήνα : Το άστυ, 1996.
Θέματα:
Ετικέτες: Προσθήκη ετικέτας
Δεν υπάρχουν, Καταχωρήστε ετικέτα πρώτοι!

MARC

LEADER 00000cam a2200000 i 4500
001 1/28460
008 060427s1996 gr | ||| |||| ||gre||
020 |a 9608500583 
035 |l 10083659 
040 |a GR-MyUa   |b gre  |e AACR2  
041 1 |a gre  |h fre 
082 7 |a 882.01   |2 (22) 
100 1 |a Romilly, Jacqueline de. 
245 1 0 |a Παιχνίδι φωτός στην Ελλάδα /   |c Jacqueline de Romilly ; μεταφράζουν η Μπάμπη Αθανασίου και η Κατερίνα Μηλιαρέση.  
260 |a Αθήνα :   |b Το άστυ,   |c 1996.  
300 |a 67 σ. ;   |c 24 εκ.  
500 |a Τίτλος πρωτοτύπου: Jeux de lumiere sur l' Hellade. 
650 0 |a Greek drama (Tragedy)  |x History and criticism. 
700 1 |a Μηλιαρέση, Κατερίνα,  |e trlf 
700 1 |a Αθανασίου, Αθηνά Μπάμπη,  |e trlf 
852 |a INST  |b RHODES  |e 20060427  |h 882.01 ROM  |p 005400020999  |q 005400020999  |t BK  |y 0 
901 |a BIBL4-2006-1 
970 |a Κόζα  |b Μαρία   |z 2006/04/27